000 00336nam a2200145Ia 4500
008 150201s2010 xx 000 0 und d
082 _a615.8
_bR10S
100 _aSUNDRER, S.
245 _aTB. OF REHABILITATION
250 _a3RD
260 _bJAYPEE
_aDELHI
_c2010
300 _a1-540
650 _aPHYSIOTHERAPY
942 _2ddc
_cBK
_081
999 _c1405
_d1405